Informativo estadístico 1988: No. 10, V Región

Shranjeno v:
Bibliografske podrobnosti
Korporativna značnica: INE (Author)
Format: Knjiga
Jezik:španščina
Izdano: Valparaíso La Dirección 1988
Teme:
Oznake: Označite
Brez oznak, prvi označite!

MARC

LEADER 00000nam a2200000 a 4500
001 UCX0691
003 CL-VaPUC
008 900109e19880000CL |||||||||||||||||spa|d
082 0 4 |a 310.6  |b INE  |2 21 
110 2 |a INE  |e author  |9 316117 
245 1 0 |a Informativo estadístico 1988: No. 10, V Región 
300 |a 117 p 
942 |c BK 
945 |d 19900109 00:00:00 
260 |a Valparaíso  |b La Dirección  |c 1988 
650 7 |a ESTADISTICAS PUBLICACIONES PERIODICAS  |2 CL-VaPUC  |9 316118 
651 7 |a QUINTA REGION, CHILE  |2 CL-VaPUC  |9 261129 
583 |a last modification  |c 19900109 00:00:00  |k Rodrigo Vera 
999 |c 222209  |d 222207 
952 |0 0  |1 0  |4 0  |6 310_600000000000000_INE_1988  |7 0  |8 F  |9 216615  |a BIBENE  |b BIBENE  |d 2019-11-15  |i 285256K  |o 310.6 INE 1988  |p 285256K  |r 2025-01-15  |w 2019-11-15  |y BK_F  |k ICO